00738cam a22002777a 4500003000500000005001700005008004100022010001000063011001000073020001500083035001100098040000900109082002100118110000800139245009100147260002400238300003100262410000800293490004000301650001100341650002900352700001400381700001700395810000800412830004000420CHAP20220817043949.0041011d2001 it rn 00110 spa d a88911 a89883 a9253046937 a100434 cCHAP04a639.2bF3y v.4210 aFAO10aEvaluaciones técnico-económicas de la pesca marítimac/ por U. Tietze y J. Prado aRoma :bFAO,c2004. a79 p. :bgráfs.; cuadros00aFAO 0aDocumento técnico de pescav; 42114aPesca.14aPescaxAdministración.0 aPrado, J.0 aTietze, Uwe.0 aFAO00aDocumento técnico de pescav; 421